<?xml version="1.0" encoding="UTF-8"?>
<record
    xmlns:xsi="http://www.w3.org/2001/XMLSchema-instance"
    xsi:schemaLocation="http://www.loc.gov/MARC21/slim http://www.loc.gov/standards/marcxml/schema/MARC21slim.xsd"
    xmlns="http://www.loc.gov/MARC21/slim">

  <leader>03537nam a2200493   4500</leader>
  <datafield tag="999" ind1=" " ind2=" ">
    <subfield code="c">6587</subfield>
    <subfield code="d">6587</subfield>
  </datafield>
  <controlfield tag="008">240228b           ||||| |||| 00| 0 spa d</controlfield>
  <datafield tag="022" ind1=" " ind2=" ">
    <subfield code="a">9789873016776</subfield>
  </datafield>
  <datafield tag="245" ind1="1" ind2="0">
    <subfield code="a">Revista de Derechos de da&#xF1;os :</subfield>
    <subfield code="b">violencia de g&#xE9;nero y familiar /</subfield>
    <subfield code="c">Jorge Mosset Iturraspe ; Ricardo Luis Lorenzetti directores.</subfield>
  </datafield>
  <datafield tag="260" ind1=" " ind2=" ">
    <subfield code="a">Buenos Aires :</subfield>
    <subfield code="b">Rubinzal Culzoni, </subfield>
    <subfield code="c">2024.</subfield>
  </datafield>
  <datafield tag="300" ind1=" " ind2=" ">
    <subfield code="a">604 p.</subfield>
    <subfield code="c">22 cm.</subfield>
  </datafield>
  <datafield tag="310" ind1=" " ind2=" ">
    <subfield code="a">cuatrimestral</subfield>
  </datafield>
  <datafield tag="362" ind1=" " ind2=" ">
    <subfield code="a">No. 2 (2024)</subfield>
  </datafield>
  <datafield tag="505" ind1=" " ind2=" ">
    <subfield code="t">Responsabilidad por da&#xF1;os derivados de la violencia de g&#xE9;nero y dom&#xE9;stica /</subfield>
    <subfield code="r">Graciela Medina.</subfield>
  </datafield>
  <datafield tag="505" ind1=" " ind2=" ">
    <subfield code="t">&#xBF;Cu&#xE1;l es el tribunal competente para entender en la acci&#xF3;n de da&#xF1;os derivados de la violencia? /</subfield>
    <subfield code="r">Julio Luis G&#xF3;mez.</subfield>
  </datafield>
  <datafield tag="505" ind1=" " ind2=" ">
    <subfield code="t">Violencia contra las mujeres con discapacidad /</subfield>
    <subfield code="r">Juan Pablo Olmo y Mar&#xED;a Bel&#xE9;n Angella.</subfield>
  </datafield>
  <datafield tag="505" ind1=" " ind2=" ">
    <subfield code="t">Da&#xF1;os y perjuicios derivados de situaciones de violencia de g&#xE9;nero en su modalidad familiar econ&#xF3;mica /</subfield>
    <subfield code="r">Diego Oscar Ortiz.</subfield>
  </datafield>
  <datafield tag="505" ind1=" " ind2=" ">
    <subfield code="t">Los l&#xED;mites del secreto profesional frente a la obligaci&#xF3;n de denunciar hechos de violencia de g&#xE9;nero /</subfield>
    <subfield code="r">Ignacio Gonz&#xE1;lez Maga&#xF1;A.</subfield>
  </datafield>
  <datafield tag="505" ind1=" " ind2=" ">
    <subfield code="t">Reflexiones sobre la reparaci&#xF3;n de da&#xF1;os producidos por violencia de g&#xE9;nero en la jurisprudencia de la corte idh /</subfield>
    <subfield code="r">Gabriela Yuba.</subfield>
  </datafield>
  <datafield tag="505" ind1=" " ind2=" ">
    <subfield code="t">Violencia psicol&#xF3;gica y da&#xF1;os en el matrimonio /</subfield>
    <subfield code="r"> Eduardo Guillermo Roveda.</subfield>
  </datafield>
  <datafield tag="505" ind1=" " ind2=" ">
    <subfield code="t">Responsabilidad del estado por omisi&#xF3;n en violencia de g&#xE9;nero /</subfield>
    <subfield code="r">Pedro Aberastury.</subfield>
  </datafield>
  <datafield tag="505" ind1=" " ind2=" ">
    <subfield code="t">La funci&#xF3;n preventiva de la responsabilidad civil en materia de violencia familiar y de g&#xE9;nero /</subfield>
    <subfield code="r">aura Evangelina Fillia.</subfield>
  </datafield>
  <datafield tag="505" ind1=" " ind2=" ">
    <subfield code="t">Da&#xF1;os indemnizables y prescripci&#xF3;n en v&#xED;ctimas de violencia de g&#xE9;nero /</subfield>
    <subfield code="r">Karina A. Bigliardi.</subfield>
  </datafield>
  <datafield tag="505" ind1=" " ind2=" ">
    <subfield code="t">Incumplimiento de la obligaci&#xF3;n alimentaria de ni&#xF1;os, ni&#xF1;as y adolescentes como forma de violencia. medidas eficaces para prevenirlo y evitarlo /</subfield>
    <subfield code="r"> Mar&#xED;a Fontemachi.</subfield>
  </datafield>
  <datafield tag="505" ind1=" " ind2=" ">
    <subfield code="t">Da&#xF1;os en la violencia obst&#xE9;trica: presupuestos y actualidad jurisprudencial argentina /</subfield>
    <subfield code="r">Mercedes Ales Ur&#xED;a.</subfield>
  </datafield>
  <datafield tag="505" ind1=" " ind2=" ">
    <subfield code="t">Violencia y discriminaci&#xF3;n estructural - aportes en torno a los desaf&#xED;os y estrategias para el acceso a la justicia de las v&#xED;ctimas de violencia contra la mujer /</subfield>
    <subfield code="r">Mar&#xED;a Sof&#xED;a Sag&#xFC;&#xE9;s.</subfield>
  </datafield>
  <datafield tag="505" ind1=" " ind2=" ">
    <subfield code="t">Violencia de g&#xE9;nero y da&#xF1;os - jurisprudencia nacional /</subfield>
    <subfield code="r">Patricia Bibiana Barbado.</subfield>
  </datafield>
  <datafield tag="505" ind1=" " ind2=" ">
    <subfield code="t">Violencia de g&#xE9;nero y familiar - provincia de buenos aires /</subfield>
    <subfield code="r">Graciela Medina y Carlos Garc&#xED;a Santas.</subfield>
  </datafield>
  <datafield tag="505" ind1=" " ind2=" ">
    <subfield code="t">Violencia dom&#xE9;stica y de g&#xE9;nero - provincia de c&#xF3;rdoba /</subfield>
    <subfield code="r">Fernando M&#xE1;rquez, Jimena M&#xE1;rquez y Luc&#xED;a L&#xF3;pez Coquet.</subfield>
  </datafield>
  <datafield tag="505" ind1=" " ind2=" ">
    <subfield code="t">Provincia de Santa Fe /</subfield>
    <subfield code="r">Julia Elena Gandolla y Esteban G. Masino.</subfield>
  </datafield>
  <datafield tag="505" ind1=" " ind2=" ">
    <subfield code="t">Da&#xF1;os en contexto de violencia de g&#xE9;nero Provincia de Mendoza /</subfield>
    <subfield code="r">Nicol&#xE1;s Sosa Baccarelli.</subfield>
  </datafield>
  <datafield tag="505" ind1=" " ind2=" ">
    <subfield code="t">Violencia de g&#xE9;nero y familia - Provincia de Entre R&#xED;os /</subfield>
    <subfield code="r">Enrique M&#xE1;ximo Pita y Valentina Ram&#xED;rez Amable.</subfield>
  </datafield>
  <datafield tag="505" ind1=" " ind2=" ">
    <subfield code="t">Provincia de Corrientes /</subfield>
    <subfield code="r"> H&#xE9;ctor Rodrigo Orrant&#xED;a y Mariela Viviana Biancucc.</subfield>
  </datafield>
  <datafield tag="505" ind1=" " ind2=" ">
    <subfield code="t">Violencia de g&#xE9;nero y da&#xF1;os  - Provincia del Neuqu&#xE9;n /</subfield>
    <subfield code="r"> Marcelo D. I&#xF1;iguez, Mar&#xED;a Alicia Varni y Mart&#xED;n Varni.</subfield>
  </datafield>
  <datafield tag="650" ind1=" " ind2="0">
    <subfield code="9">3053</subfield>
    <subfield code="a">VIOLENCIA DE G&#xC9;NERO</subfield>
  </datafield>
  <datafield tag="650" ind1=" " ind2="0">
    <subfield code="9">5360</subfield>
    <subfield code="a">VIOLENCIA ECON&#xD3;MICA</subfield>
  </datafield>
  <datafield tag="650" ind1=" " ind2="0">
    <subfield code="9">3331</subfield>
    <subfield code="a">DA&#xD1;O</subfield>
  </datafield>
  <datafield tag="650" ind1=" " ind2="0">
    <subfield code="9">1215</subfield>
    <subfield code="a">RESPONSABILIDAD DEL ESTADO</subfield>
  </datafield>
  <datafield tag="650" ind1=" " ind2="0">
    <subfield code="9">4044</subfield>
    <subfield code="a">PERSPECTIVA DE G&#xC9;NERO</subfield>
  </datafield>
  <datafield tag="650" ind1=" " ind2="0">
    <subfield code="9">5034</subfield>
    <subfield code="a">VIOLENCIA OBST&#xC9;TRICA</subfield>
  </datafield>
  <datafield tag="650" ind1=" " ind2="0">
    <subfield code="9">1134</subfield>
    <subfield code="a">VIOLENCIA FAMILIAR</subfield>
  </datafield>
  <datafield tag="700" ind1=" " ind2=" ">
    <subfield code="9">528</subfield>
    <subfield code="a">Mosset Iturraspe, Jorge </subfield>
    <subfield code="e">director</subfield>
  </datafield>
  <datafield tag="700" ind1=" " ind2=" ">
    <subfield code="9">529</subfield>
    <subfield code="a">Lorenzetti, Ricardo Luis</subfield>
    <subfield code="e">director</subfield>
  </datafield>
  <datafield tag="942" ind1=" " ind2=" ">
    <subfield code="2">udc</subfield>
    <subfield code="c">PP</subfield>
  </datafield>
  <datafield tag="952" ind1=" " ind2=" ">
    <subfield code="0">0</subfield>
    <subfield code="1">0</subfield>
    <subfield code="2">udc</subfield>
    <subfield code="4">0</subfield>
    <subfield code="7">0</subfield>
    <subfield code="a">DJS</subfield>
    <subfield code="b">DJS</subfield>
    <subfield code="d">2026-03-03</subfield>
    <subfield code="p">6738</subfield>
    <subfield code="r">2026-03-03</subfield>
    <subfield code="w">2026-03-03</subfield>
    <subfield code="y">PP</subfield>
  </datafield>
</record>
